000 00579nam a2200217Ia 4500
008 101110s9999 xx 000 0 und d
041 _aENGLISH
082 _bJR4988
100 _aPandey P.N., Fernandes M.R.
245 _aPrinciples of physical geography XI arts
260 _c2006
_bNirali Prakashan, Pune
300 _a246
365 _b75
520 _aGeography
546 _aENGLISH
630 _aPrinciples of physical geography XI arts
650 _aGeography
655 _aGeography
730 _aPrinciples of physical geography XI arts
942 _cBOOK
999 _c795795
_d795792